000 00581cam a22002053a 4500
001 42999
003 PGUSA
005 20140828083958.0
008 130620s2013||||xxu|||||s|||||000 | eng d
040 _aPGUSA
_beng
042 _adc
100 1 _aWatkins, Walter K.
245 1 0 _aOld Boston Taverns and Tavern Clubs
_h[electronic resource] /
_cWalter K. Watkins
260 _bProject Gutenberg,
_c2013
506 _aPublic domain in the USA.
516 _aElectronic text
830 0 _aProject Gutenberg
_v42999
856 4 0 _uhttp://www.gutenberg.org/ebooks/42999
942 _cEB
999 _c272250
_d272250